Quimioterapia y profilaxis del cáncer / (Record no. 61179)
[ view plain ]
| 000 -LEADER | |
|---|---|
| campo de control de longitud fija | 00807nam a2200217 i 4500 |
| 001 - NÚMERO DE CONTROL | |
| campo de control | 61179 |
| 003 - IDENTIFICADOR DE NÚMERO DE CONTROL | |
| campo de control | ES-MaACL |
| 005 - FECHA Y HORA DE LA ÚLTIMA TRANSACCIÓN | |
| campo de control | 20251223063018.0 |
| 007 - CAMPO FIJO DE DESCRIPCIÓN FÍSICA--INFORMACIÓN GENERAL | |
| campo de control de longitud fija | t| |
| 008 - DATOS DE LONGITUD FIJA--INFORMACIÓN GENERAL | |
| campo de control de longitud fija | 031110s1965 sp ||||1| spa d |
| 080 ## - NÚMERO DE LA CLASIFICACIÓN DECIMAL UNIVERSAL | |
| Número de la Clasificación Decimal Universal | 616.006.6-084/-085 |
| 100 0# - ENTRADA PRINCIPAL--NOMBRE DE PERSONA | |
| Nombre de persona | Euler, Hans von |
| 9 (RLIN) | 48329 |
| 245 10 - MENCIÓN DEL TÍTULO | |
| Título | Quimioterapia y profilaxis del cáncer / |
| Mención de responsabilidad, etc. | por Hans von Euler ; versión de la primera edición alemana, especialmente revisada y actualizada por el autor, por el Dr. Juan Colom y Bragulat... |
| 260 ## - PUBLICACIÓN, DISTRIBUCIÓN, ETC. | |
| Lugar de publicación, distribución, etc. | Barcelona : |
| Nombre del editor, distribuidor, etc. | Editorial Científico-Médica, |
| Fecha de publicación, distribución, etc. | 1965. |
| 300 ## - DESCRIPCIÓN FÍSICA | |
| Extensión | XII, 188 p. : |
| Otras características físicas | il. ; |
| Dimensiones | 25 cm. |
| 650 #4 - PUNTO DE ACCESO ADICIONAL DE MATERIA--TÉRMINO DE MATERIA | |
| Término de materia o nombre geográfico como elemento de entrada | Cáncer- |
| Subdivisión general | Tratamiento. |
| 9 (RLIN) | 151119 |
| 700 0# - ENTRADA AGREGADA--NOMBRE PERSONAL | |
| Nombre de persona | Colom Bragulat, Juan. |
| 9 (RLIN) | 39794 |
| 852 ## - LOCALIZACIÓN | |
| Ubicación | ES-MaACL |
| Número de control de estantería | C-27170 |
| Sublocalización o colección | R.56188 |
| 852 ## - LOCALIZACIÓN | |
| Ubicación | ES-MaACL |
| Número de control de estantería | A-8313 |
| Sublocalización o colección | R.56077 |
| Estatus retirado | Estado de pérdida | Estado de daño | No para préstamo | Biblioteca de origen | Biblioteca actual | Ubicación en estantería | Fecha de adquisición | Fuente de adquisición | Total de préstamos | Signatura topográfica completa | Código de barras | Visto por última vez | Precio de reemplazo | Tipo de ítem Koha |
|---|---|---|---|---|---|---|---|---|---|---|---|---|---|---|
| Biblioteca del Ateneo de Madrid | Biblioteca del Ateneo de Madrid | Sala Pecera Planta 1 | 17/01/2008 | A-8313 | 1064155 | 23/02/2023 | 23/02/2023 | Libro impreso | ||||||
| Biblioteca del Ateneo de Madrid | Biblioteca del Ateneo de Madrid | Depósito 2 | 17/01/2008 | C-27170 | 1064154 | 23/02/2023 | 23/02/2023 | Libro impreso |
